000
00306nam a22001337a 4500
008
170721b xxu||||| |||| 00| 0 eng d
020
_a
037851438300525000000000
041
_a
eng
080
_a
004
100
_a
28
101
_a
SHKI
245
_a
MURACH'S VISUAL BASIC 2005
_c
BOEHM, A
942
_2
udc
_c
BK
999
_c
21735
_d
21735